000 02168nam a2200457Ia 4500
001 sjds457703
003 sjds
005 20170615112225.0
008 061205s2006 ck a j 000 1 spa d
020 _a958301737X
020 _a9789583017377
035 _a(OCoLC)76881637
040 _aTXN
_cTXN
_dTXN
_dBAKER
_dSAP
_dBTCTA
_dIFA
_dUtOrBLW
041 1 _aspa
_aeng
_heng
049 _aIFAA
099 _aESPANOL PICTURE BOOKS RODRIGUEZ 2006
999 _c17625
_d17625
999 _bESPANOL PICTURE BOOKS RODRIGUEZ 2006
100 1 _aRodríguez, Antonio Orlando,
_d1956-
_eauthor.
245 1 0 _aQué extraños son los terrícolas! =
_bEarthlings, how weird they are! /
_cAntonio Orlando Rodríguez ; ilustraciones, Olga Cuéllar ; [traducción, Mercedes Guhl].
246 3 0 _aEarthlings, how weird they are!
250 _a1a edition.
260 _aBogotá, Colombia :
_bPanamericana Editorial,
_c2006.
264 1 _aBogotá, Colombia :
_bPanamericana Editorial,
_c2006.
300 _a51 pages :
_bcolor illustrations ;
_c27 cm
336 _atext
_btxt
_2rdacontent
337 _aunmediated
_bn
_2rdamedia
338 _avolume
_bnc
_2rdacarrier
520 _aTres científicos extraterrestres visitan la planeta Tierra y estudian, en secreto, las costumbres de sus habitantes, gente extraña por su falta de aprecio para un planeta tan maravilloso.
520 _aThree aliens visit Earth and upon returning home report that earthlings are strange because they do not appreciate all of the beautiful and wonderful things on their planet.
546 _aParallel English and Spanish texts = Textos paralelos en inglés y español.
650 0 _aHuman-alien encounters
_vJuvenile fiction.
650 0 _aExtraterrestrial beings
_vJuvenile fiction.
650 7 _aEncuentros humano-alienígena
_vNovela juvenil.
_2local
650 7 _aSeres extraterrestres
_vNovela juvenil.
_2bidex
650 0 _aSpanish language materials
_xBilingual
_vJuvenile literature.
650 7 _aMateriales bilingües en español
_vLiteratura juvenil.
_2bidex
651 0 _aEarth (Planet)
_vJuvenile fiction.
651 7 _aTierra
_vNovela juvenil.
_2bidex
700 1 _aCuéllar, Olga,
_eillustrator.
942 _cBK